G20 Mitglieder - Statistiken

Allgemein
  • Dieses Quiz wurde 155 mal gespielt
  • Das Durchschnittsergebnis liegt bei 17 aus 20
Antwortstatistiken
Mitglied % Korrekt
Deutschland
100%
Vereinigte Staaten
99%
Frankreich
98%
Vereinigtes Königreich
98%
Japan
96%
Kanada
96%
Italien
95%
Volksrepublik China
95%
Russland
94%
Brasilien
93%
Australien
91%
Indien
89%
Mitglieder: Argentinien
85%
Mexiko
84%
Südkorea
80%
Südafrika
78%
Indonesien
76%
Türkei
73%
Saudi Arabien
70%
Europäische Union
26%
Keine übereinstimmenden Quizze gefunden
Verteilung der Resultate
Anzahl Personen mit jedem Resultat
Perzentil nach korrekt beantworteten Fragen
Ihre Resultats-Entwicklung
Sie haben dieses Quiz noch nicht gespielt